| 000 | 00836cam a2200277 4500 | ||
|---|---|---|---|
| 001 | ABS61910 | ||
| 008 | 000000n2000 000 0 eng u | ||
| 035 | _a(Sirsi) u104397 | ||
| 245 | _aRegional Survey: Hampshire and Dorset | ||
| 260 | _c2000 | ||
| 490 |
_aProperty Week _v65(6) 11 February 2000 39-71(9) |
||
| 590 | _aABS | ||
| 650 | _aRURAL ECONOMY | ||
| 650 | _aBASINGSTOKE | ||
| 650 | _aSERVICED OFFICES | ||
| 650 | _aINDUSTRIAL MARKET | ||
| 650 | _aBLACKWATER VALLEY | ||
| 650 | _aBOURNEMOUTH | ||
| 650 | _aPOOLE | ||
| 650 | _aSOUTH HAMPSHIRE | ||
| 650 | _aPLANNING ISSUES | ||
| 650 | _aMANAGEMENT-BUSINESS MANAGEMENT-INFORMATION MANAGEMENT | ||
| 650 | _aPROPERTY-COMMERCIAL PROPERTY-RETAIL PROPERTY-RETAIL PROPERTY MARKET | ||
| 690 | _aPROPERTY-COMMERCIAL PROPERTY-COMMERCIAL PROPERTY MARKET | ||
| 942 | _n0 | ||
| 999 |
_c62634 _d62634 |
||